Statistieken voor Sao Tomé en Principe Trivia Quiz

Klik hier om de quiz te nemen!

Algemene statistieken

  • Deze quiz is 168 keer genomen
  • De gemiddelde score is 10 van 13

Antwoordstatistieken

HintAntwoord% Correct
HoofdstadSao Tomé
95%
Land dat ten oosten van het hoofdeiland ligt (op het vasteland)Gabon
89%
Officiële taalPortugees
89%
Enige Afrikaanse land dat kleiner is dan Sao Tomé en PríncipeSeychellen
86%
Praktijk die in 1876 wettelijk werd afgeschaft, maar daarna nog decennia bleef bestaanSlavernij
82%
Heilige waarnaar het land is vernoemdTomas
81%
Bevolking van Sao Tomé en Príncipe in het jaar 14000
79%
Golf waar Sao Tomé en Principe in ligtGolf van {Guinee}
79%
Op een na grootste eilandPrincipe
76%
Soort bonen die ongeveer de goed is voor de helft van de exportCacao
75%
ValutaDobra
45%
Ernstig bedreigde waadvogel, de kleinste van zijn soort ter wereldKleine olijfgroene {ibis}
41%
Term voor de mensen van gemengde Europese en Afrikaanse afkomst die het grootste deel van de bevolking uitmakenMesties
36%

Scoreverdeling

Percentiel versus Aantal Correcte Antwoorden

Procent van Mensen met Elke Score

Uw Scoregeschiedenis

U heeft deze quiz nog niet genomen